Interfejsy vyčisliteľnych sistem na baze mini i mikro EVM /

Salvato in:
Dettagli Bibliografici
Autori principali: Mjačev, A.A (Autore), Ivanov, Viktor Vladimirovič (Autore)
Natura: Libro
Lingua:russo
Pubblicazione: Moskva : Radio i svjaz, 1986
Edizione:1.vyd.
Tags: Aggiungi Tag
Nessun Tag, puoi essere il primo ad aggiungerne!!

MARC

LEADER 00000nam a22000003a 4500
001 stu7609
005 20150617225806.8
008 950331s1986----xxr-----------------rus-d
040 |a STU  |b slo 
041 0 |a rus 
044 |a xxr 
080 |a 681.327-181.4 
100 1 |a Mjačev, A.A  |4 aut 
245 1 |a Interfejsy vyčisliteľnych sistem na baze mini i mikro EVM /  |c [aut.] Mjačev,A.A.; Ivanov,V.V 
250 |a 1.vyd. 
260 |a Moskva :  |b Radio i svjaz,  |c 1986 
300 |a 246 s 
700 1 |a Ivanov, Viktor Vladimirovič  |4 aut 
996 |c I3436  |l I  |s A  |a 24  |w stu7609_0002